<?xml version='1.0' encoding='UTF-8'?>
  <record xmlns="http://www.loc.gov/MARC21/slim">
    <leader>00000cam a22000007i 4500</leader>
    <controlfield tag="001">ocm65686585</controlfield>
    <controlfield tag="003">OCoLC</controlfield>
    <controlfield tag="005">20251201212148.1</controlfield>
    <controlfield tag="008">900417s1618    ne            000 0 dut d</controlfield>
    <datafield tag="040" ind1=" " ind2=" ">
      <subfield code="a">NLGGC</subfield>
      <subfield code="b">dut</subfield>
      <subfield code="e">fobidrtb</subfield>
      <subfield code="c">NLGGC</subfield>
    </datafield>
    <datafield tag="029" ind1="0" ind2=" ">
      <subfield code="a">NLGGC</subfield>
      <subfield code="b">083525297</subfield>
    </datafield>
    <datafield tag="035" ind1=" " ind2=" ">
      <subfield code="a">(OCoLC)65686585</subfield>
    </datafield>
    <datafield tag="072" ind1=" " ind2="7">
      <subfield code="a">a</subfield>
      <subfield code="2">odfysin</subfield>
    </datafield>
    <datafield tag="072" ind1=" " ind2="7">
      <subfield code="a">j</subfield>
      <subfield code="2">odfysin</subfield>
    </datafield>
    <datafield tag="072" ind1=" " ind2="7">
      <subfield code="a">x</subfield>
      <subfield code="2">odfysin</subfield>
    </datafield>
    <datafield tag="245" ind1="0" ind2="0">
      <subfield code="a">Placcaet vande doorluchtige, ho. ende mog. heeren, die Staten Generael der Vereenighde Nederlanden, teghens het inbrenghen, drucken, verkoopen ofte stroyen van alderhande argerlijcke ende seditieuse boucxkens, liedekēs etc. Ende waer nae alle druckers hen voort-aen sullen hebben te reguleren.</subfield>
    </datafield>
    <datafield tag="246" ind1="3" ind2=" ">
      <subfield code="a">Placcaet vande ... Staten Generael</subfield>
    </datafield>
    <datafield tag="260" ind1=" " ind2=" ">
      <subfield code="a">In s'Graven-haghe, :</subfield>
      <subfield code="b">by Hillebrant Iacobssz ...,</subfield>
      <subfield code="c">1618.</subfield>
    </datafield>
    <datafield tag="300" ind1=" " ind2=" ">
      <subfield code="a">[8] p. ;</subfield>
      <subfield code="c">in-4.</subfield>
    </datafield>
    <datafield tag="336" ind1=" " ind2=" ">
      <subfield code="a">tekst</subfield>
      <subfield code="b">txt</subfield>
      <subfield code="2">rdacontent/dut</subfield>
    </datafield>
    <datafield tag="337" ind1=" " ind2=" ">
      <subfield code="a">zonder medium</subfield>
      <subfield code="b">n</subfield>
      <subfield code="2">rdamedia/dut</subfield>
    </datafield>
    <datafield tag="338" ind1=" " ind2=" ">
      <subfield code="a">band</subfield>
      <subfield code="b">nc</subfield>
      <subfield code="2">rdacarrier/dut</subfield>
    </datafield>
    <datafield tag="500" ind1=" " ind2=" ">
      <subfield code="a">Collatieformule: A 4.</subfield>
    </datafield>
    <datafield tag="500" ind1=" " ind2=" ">
      <subfield code="a">Met Nederl. leeuw op titelpag.</subfield>
    </datafield>
    <datafield tag="510" ind1="0" ind2=" ">
      <subfield code="a">Knuttel 2740</subfield>
    </datafield>
    <datafield tag="700" ind1="1" ind2=" ">
      <subfield code="a">Wouw, Hillebrant Jacobsz van</subfield>
      <subfield code="c">I</subfield>
      <subfield code="c">'s-Gravenhage.</subfield>
      <subfield code="4">prt</subfield>
      <subfield code="0">(NL-LeOCL)077156625</subfield>
    </datafield>
    <datafield tag="776" ind1="0" ind2=" ">
      <subfield code="t">Placcaet vande doorluchtige, ho. ende mog. heeren, die Staten Generael der Vereenighde Nederlanden, teghens het inbrenghen, drucken, verkoopen ofte stroyen van alderhande argerlijcke ende seditieuse boucxkens, liedekēs etc. Ende waer nae alle druckers hen voort-aen sullen hebben te reguleren</subfield>
      <subfield code="w">(NL-LeOCL)336635796</subfield>
    </datafield>
    <datafield tag="776" ind1="0" ind2=" ">
      <subfield code="t">Placcaet vande doorluchtige, ho. ende mog. heeren, die Staten Generael der Vereenighde Nederlanden, teghens het inbrenghen, drucken, verkoopen ofte stroyen van alderhande argerlijcke ende seditieuse boucxkens, liedekēs etc. Ende waer nae alle druckers hen voort-aen sullen hebben te reguleren</subfield>
      <subfield code="w">(NL-LeOCL)377536334</subfield>
    </datafield>
    <datafield tag="856" ind1="4" ind2="2">
      <subfield code="y">Short Title Catalogue, Netherlands</subfield>
      <subfield code="u">http://resolver.kb.nl/resolve?urn=STCN:853334889:record</subfield>
      <subfield code="z">zie de oorspronkelijke beschrijving bij de STCN voor mogelijk overige vindplaatsen</subfield>
      <subfield code="7">0</subfield>
    </datafield>
    <datafield tag="936" ind1=" " ind2=" ">
      <subfield code="a">BATCHLOAD</subfield>
    </datafield>
  </record>